00955nam a2200265 a 4500001001000000003000900010005001700019007001000036008003500046020001400081040002200095082002400117100003400141245008400175246003900259260004400298300002000342490002600362500006600388505006100454563006300515650003600578650003600614740003900650000022641DO-SdBNP20230502084429.0000022641101014s20uu dr a 000 j spa d z945426451 aBPMSUbspacBPMSU 4aRD863.5bR282t 2221 aRead Escobal, Virginiad1963-10aTres moñitos no ;bCarlitos James busca un cundeamor /cVirginia Read Escobal13aCarlitos James busca un cundeamor  aSanto Domingo :bEdiciones SM,c[200?]. a63 p. ;c19 cm.0 aEl barco de vapor,v2 aIncluye datos biográficos de la autora en la contracubierta0 tTres moñitos no --tCarlitos James busca un cundeamor. aDos obras encuadernadas juantas con paginación continua  4aCuentos infantiles dominicanos  4aLiteratura infantil dominicana  aCarlitos James busca un cundeamor